<?xml version="1.0" encoding="UTF-8"?><?xml-stylesheet type="text/xsl" href="static/style.xsl"?><OAI-PMH xmlns="http://www.openarchives.org/OAI/2.0/" xmlns:xsi="http://www.w3.org/2001/XMLSchema-instance" xsi:schemaLocation="http://www.openarchives.org/OAI/2.0/ http://www.openarchives.org/OAI/2.0/OAI-PMH.xsd"><responseDate>2026-04-13T02:16:23Z</responseDate><request verb="GetRecord" identifier="oai:www.recercat.cat:2445/228083" metadataPrefix="marc">https://recercat.cat/oai/request</request><GetRecord><record><header><identifier>oai:recercat.cat:2445/228083</identifier><datestamp>2026-04-07T18:59:27Z</datestamp><setSpec>com_2072_1057</setSpec><setSpec>col_2072_478796</setSpec><setSpec>col_2072_478917</setSpec></header><metadata><record xmlns="http://www.loc.gov/MARC21/slim" xmlns:dcterms="http://purl.org/dc/terms/" xmlns:xsi="http://www.w3.org/2001/XMLSchema-instance" xmlns:doc="http://www.lyncode.com/xoai" xsi:schemaLocation="http://www.loc.gov/MARC21/slim http://www.loc.gov/standards/marcxml/schema/MARC21slim.xsd">
   <leader>00925njm 22002777a 4500</leader>
   <datafield ind2=" " ind1=" " tag="042">
      <subfield code="a">dc</subfield>
   </datafield>
   <datafield ind2=" " ind1=" " tag="720">
      <subfield code="a">Ignatova, Tatiana</subfield>
      <subfield code="e">author</subfield>
   </datafield>
   <datafield ind2=" " ind1=" " tag="720">
      <subfield code="a">Xuriguera Martín, María Elena</subfield>
      <subfield code="e">author</subfield>
   </datafield>
   <datafield ind2=" " ind1=" " tag="720">
      <subfield code="a">d'Oliveira, Nuno Gustavo</subfield>
      <subfield code="e">author</subfield>
   </datafield>
   <datafield ind2=" " ind1=" " tag="720">
      <subfield code="a">Sánchez Molins, Meritxell</subfield>
      <subfield code="e">author</subfield>
   </datafield>
   <datafield ind2=" " ind1=" " tag="260">
      <subfield code="c">2026-03-13T16:03:00Z</subfield>
   </datafield>
   <datafield ind2=" " ind1=" " tag="260">
      <subfield code="c">2026-03-13T16:03:00Z</subfield>
   </datafield>
   <datafield ind2=" " ind1=" " tag="260">
      <subfield code="c">2026-02-11</subfield>
   </datafield>
   <datafield ind2=" " ind1=" " tag="260">
      <subfield code="c">2026-03-13T16:03:00Z</subfield>
   </datafield>
   <datafield ind2=" " ind1=" " tag="520">
      <subfield code="a">This in vitro study evaluated the shear bond strength (SBS) and adhesive remnant index (ARI) of orthodontic molar tubes bonded using conventional, hydrophilic, and self-etch adhesives under dry and saliva-contaminated conditions, while also assessing the impact of shear force direction. Extracted molars were bonded with Transbond XT™ (T), Transbond MIP™ (M), or Scotchbond Universal™ (S) under dry or saliva-contaminated conditions. Debonding was performed at 90° or 45°, introducing a clinically relevant but underexplored variable in orthodontic bond-strength testing. ARI scores were assessed via stereomicroscopy and visual inspection. Statistical tests (Kruskal–Wallis and Mann–Whitney) showed no significant SBS differences among adhesives under identical conditions (p > 0.05). However, all adhesives exhibited significantly reduced SBS under saliva contamination (p &lt; 0.001; T: 5.4 vs. 4.1 MPa; M: 5.7 vs. 3.6 MPa; S: 5.5 vs. 4.5 MPa). In dry conditions, SBS was significantly higher with 45° debonding (p &lt; 0.05). Under contamination, SBS varied by ARI score (p = 0.05), with ARI 0 specimens showing higher SBS than ARI 3. These findings confirm that moisture reduces bond strength across adhesive types, while 45° force application enhances SBS under dry conditions. ARI score variability under contamination may reflect complex failure modes.</subfield>
   </datafield>
   <datafield tag="653" ind2=" " ind1=" ">
      <subfield code="a">Ortodòncia</subfield>
   </datafield>
   <datafield tag="653" ind2=" " ind1=" ">
      <subfield code="a">Adhesius dentals</subfield>
   </datafield>
   <datafield tag="653" ind2=" " ind1=" ">
      <subfield code="a">Saliva</subfield>
   </datafield>
   <datafield tag="653" ind2=" " ind1=" ">
      <subfield code="a">Orthodontics</subfield>
   </datafield>
   <datafield tag="653" ind2=" " ind1=" ">
      <subfield code="a">Dental adhesives</subfield>
   </datafield>
   <datafield tag="653" ind2=" " ind1=" ">
      <subfield code="a">Saliva</subfield>
   </datafield>
   <datafield ind2="0" ind1="0" tag="245">
      <subfield code="a">Efficiency of Orthodontic Adhesives: Influence of Saliva and Shear Direction - in vitro study</subfield>
   </datafield>
</record></metadata></record></GetRecord></OAI-PMH>